| 000 | 00382nam a22001337a 4500 | ||
|---|---|---|---|
| 082 |
_a532 _bHAT _cL-22, P-22 |
||
| 100 |
_aHatschek, Emil _939934 |
||
| 245 | _aThe Viscosity of Liquids. | ||
| 260 |
_aGreat Britain _bNeill & Co Ltd, Edinburgh. _cMay 1928 |
||
| 300 |
_axii, 239. : _bill, : _c8 Cm |
||
| 526 |
_a0 _b0 _c0 _d532_000000000000000_HAT |
||
| 650 |
_aMCE _9379 |
||
| 942 |
_2ddc _cBK |
||
| 999 |
_c544325 _d544325 |
||